Statistiques concernant Les 20 capitales les plus proches d'Antananarivo (Madagascar) à vol d'oiseau

Cliquez ici pour prendre le quiz!

Statistiques générales

  • Ce quiz a été pris 75 fois
  • Le résultat moyen est 13 sur 20

Statistiques - réponses

Distance (km)Capitale% Correct
2 125 / 2 445 / 3 331Pretoria / Bloemfontein / Le Cap (Afrique du Sud)
93%
2 279Nairobi (Kenya)
80%
1 058Port-Louis (Île Maurice)
80%
919Moroni (Comores)
78%
1 719Maputo (Mozambique)
72%
1 807Victoria (Seychelles)
68%
1 744Harare (Zimbabwe)
67%
1 905Dodoma (Tanzanie)
65%
2 342Mogadiscio (Somalie)
65%
2 673Kigali (Rwanda)
64%
2 076Lusaka (Zambie)
64%
2 337Maseru (Lesotho)
64%
1 872Mbabane (Swaziland)
64%
3 190Windhoek (Namibie)
61%
2 624Bujumbura (Burundi)
59%
2 318Gaborone (Botswana)
59%
1 564Lilongwe (Malawi)
58%
2 691Kampala (Ouganda)
55%
3 247Addis-Abeba (Éthiopie)
54%
3 168Djouba (Soudan du sud)
35%

Distribution des résultats

Percentile par nombre de réponses

% des personnes avec chaque résultat

Votre développement - résultats

Vous n’avez pas pris ce quiz